[Event "1. OEsterreichische Internet Schach Meisterschaft - Vorrunde 2"]
[Site "Online - Playchess.com"]
[Date ""]
[Round "4"]
[Board "23"]
[White "Brehovsky, Paul"]
[Black "Steiner, Adam"]
[Result "1-0"]
[WhiteElo "2149"]
[BlackElo "2251"]
[PlyCount "131"]
[EventDate "2020.04.13"]
[EventRounds "9"]
[EventCountry "AUT"]

1. d4 d5 2. c4 c6 3. Nf3 Nf6 4. Nc3 dxc4 5. a4 Bf5 6. Ne5 Nbd7 7. Nxc4 Nb6 8. e3
e6 9. Bd2 Be7 10. f3 Bg6 11. Ne5 Nfd7 12. Nxg6 hxg6 13. g3 Bd6 14. Ne4 Bc7 15. Bg2
Nf6 16. Nf2 Qe7 17. a5 Nbd5 18. Qb3 Bd6 19. e4 Bb4 20. exd5 exd5+ 21. Kd1 Bxd2 22.
Kxd2 O-O-O 23. Rae1 Qc7 24. Qc3 Rde8 25. Rxe8+ Nxe8 26. f4 Nd6 27. h4 Nc4+ 28. Kc2
Re8 29. Re1 Rxe1 30. Qxe1 Kd8 31. b4 b6 32. Bf1 Nd6 33. Bd3 f5 34. Qe6 bxa5 35. Qg8+
Ke7 36. Qxg7+ Nf7 37. Qxg6 axb4 38. Qxf5 Qa5 39. Nd1 Qa2+ 40. Nb2 b3+ 41. Kc3 a5
42. Ba6 a4 43. Qc8 a3 44. Qb7+ Kf6 45. Qxb3 axb2 46. Qxa2 b1=Q 47. Qxb1 Nd6 48. g4
Ne4+ 49. Kb3 Nd2+ 50. Kb2 Nxb1 51. Kxb1 Ke6 52. Kc2 Kd6 53. Kd3 Ke6 54. h5 Kf6 55.
Bc8 Kg7 56. g5 c5 57. dxc5 d4 58. Kxd4 Kh7 59. Ke5 Kg7 60. Ke6 Kh7 61. Kf7 Kh8 62.
Bd7 Kh7 63. g6+ Kh6 64. g7 Kh7 65. g8=Q+ Kh6 66. Qg6#  1-0

[Event "1. OEsterreichische Internet Schach Meisterschaft - Vorrunde 2"]
[Site "Online - Playchess.com"]
[Date ""]
[Round "4"]
[Board "24"]
[White "Kozissnik, Christian"]
[Black "Gelbenegger, Patrick"]
[Result "0-1"]
[WhiteElo "2023"]
[BlackElo "2240"]
[PlyCount "176"]
[EventDate "2020.04.13"]
[EventRounds "9"]
[EventCountry "AUT"]

1. d4 d5 2. e3 Bf5 3. c4 c6 4. Nc3 e6 5. Nf3 Nf6 6. Nh4 Bg4 7. Nf3 Bb4 8. h3 Bh5
9. g4 Bg6 10. Bg2 Ne4 11. Qb3 Qa5 12. Bd2 Nxd2 13. Nxd2 O-O 14. a3 Bxc3 15. bxc3
b5 16. cxb5 cxb5 17. O-O Nd7 18. Qb4 Qb6 19. Nb3 a5 20. Qe7 Rfe8 21. Qxd7 Rad8 22.
Qxe8+ Rxe8 23. Nc5 h5 24. Ra2 hxg4 25. hxg4 Rc8 26. Rb2 Rxc5 27. dxc5 Qxc5 28. a4
bxa4 29. Ra2 Qxc3 30. Rxa4 Bc2 31. Ra2 Bb3 32. Ra3 a4 33. Rfa1 Qb4 34. Bf1 Qxg4+
35. Bg2 d4 36. exd4 Qxd4 37. Kf1 Bc4+ 38. Ke1 Bb3 39. Bf3 Qc3+ 40. Ke2 Qc2+ 41. Ke3
Qc5+ 42. Ke2 Bc4+ 43. Ke1 Qb4+ 44. Kd1 Bb3+ 45. Ke2 Qc4+ 46. Ke3 Qc3+ 47. Kf4 Qd4+
48. Kg3 g5 49. Kg2 f5 50. Be2 g4 51. Kf1 Qd5 52. Ke1 Qa5+ 53. Kf1 Qd5 54. Ke1 Qe5
55. Kf1 Qe4 56. Bd1 Qh1+ 57. Ke2 Qe4+ 58. Kf1 Qc4+ 59. Kg1 Bxd1 60. Rxd1 Kf7 61.
Rda1 Kf6 62. Rxa4 Qe2 63. R4a2 Qe4 64. Ra4 Qc2 65. R4a2 Qc8 66. Ra8 Qd7 67. R8a7
Qe8 68. Rd1 e5 69. Ra6+ Kg5 70. Rdd6 Kf4 71. Ra4+ e4 72. Rdd4 Qh5 73. Kf1 Qh1+ 74.
Ke2 Qf3+ 75. Ke1 g3 76. fxg3+ Qxg3+ 77. Kd1 Qg1+ 78. Kc2 Kf3 79. Ra3+ e3 80. Rh4
f4 81. Rh3+ Ke2 82. Ra2 Qg8 83. Kb1+ Kd3 84. Ra3+ Ke4 85. Ra4+ Kf5 86. Ra5+ Kg4 87.
Rh2 Kg3 88. Rb2 Qg6+  0-1

[Event "1. OEsterreichische Internet Schach Meisterschaft - Vorrunde 2"]
[Site "Online - Playchess.com"]
[Date ""]
[Round "4"]
[Board "25"]
[White "Rosol, Philip"]
[Black "Fuchs, Georg"]
[Result "0-1"]
[WhiteElo "1468"]
[BlackElo "2234"]
[PlyCount "38"]
[EventDate "2020.04.13"]
[EventRounds "9"]
[EventCountry "AUT"]

1. e4 e5 2. Nf3 Nc6 3. Bb5 Nf6 4. Bxc6 dxc6 5. O-O Bg4 6. h3 Bh5 7. g4 Bg6 8. d3
Bd6 9. Bg5 O-O 10. Nc3 Re8 11. a3 Qd7 12. b4 Nxg4 13. hxg4 Qxg4+ 14. Kh2 Bh5 15.
Rg1 Qxf3 16. Qxf3 Bxf3 17. Bf6 g6 18. Nd1 Bxd1 19. Raxd1 a5  0-1

[Event "1. OEsterreichische Internet Schach Meisterschaft - Vorrunde 2"]
[Site "Online - Playchess.com"]
[Date ""]
[Round "4"]
[Board "26"]
[White "Waldner, Alois"]
[Black "Kruckenhauser, Arthur"]
[Result "0-1"]
[WhiteElo "2018"]
[BlackElo "2233"]
[PlyCount "72"]
[EventDate "2020.04.13"]
[EventRounds "9"]
[EventCountry "AUT"]

1. e4 c5 2. d4 cxd4 3. c3 dxc3 4. Nxc3 Nc6 5. Nf3 a6 6. Bc4 d6 7. O-O Nf6 8. h3 e6
9. Qe2 b5 10. Bb3 Ra7 11. Rd1 Rd7 12. Bf4 Be7 13. e5 dxe5 14. Nxe5 Nxe5 15. Bxe5
O-O 16. Rxd7 Bxd7 17. Rd1 Qc8 18. Qd3 Rd8 19. Bc2 g6 20. Qe3 Bc6 21. Rxd8+ Bxd8 22.
Qh6 Qd7 23. Be4 Bxe4 24. Nxe4 Ne8 25. Qf4 Bc7 26. Nf6+ Nxf6 27. Qxf6 Bxe5 28. Qxe5
Qd5 29. Qb8+ Kg7 30. a3 Qd1+ 31. Kh2 Qe2 32. Qb6 Qe5+ 33. g3 Qxb2 34. Kg2 Qxa3 35.
Qd4+ Kg8 36. Qd8+ Qf8  0-1

[Event "1. OEsterreichische Internet Schach Meisterschaft - Vorrunde 2"]
[Site "Online - Playchess.com"]
[Date ""]
[Round "4"]
[Board "27"]
[White "Meier, Alexander"]
[Black "Charaus, Florian"]
[Result "1-0"]
[WhiteElo "2226"]
[BlackElo "2055"]
[PlyCount "123"]
[EventDate "2020.04.13"]
[EventRounds "9"]
[EventCountry "AUT"]

1. e4 c6 2. Nc3 d5 3. Nf3 Bg4 4. d4 e6 5. h3 Bh5 6. Bd3 Nf6 7. Bg5 Be7 8. Bxf6 Bxf6
9. e5 Be7 10. Qe2 Qb6 11. O-O-O Nd7 12. g4 Bg6 13. Bxg6 hxg6 14. Qe3 O-O-O 15. Nd2
Kb8 16. Nb3 Qc7 17. Na4 Rde8 18. f4 Bf8 19. a3 f6 20. Kb1 fxe5 21. fxe5 Be7 22. Rdf1
Ref8 23. Qc3 Qd8 24. Nbc5 Nxc5 25. Nxc5 Bxc5 26. Qxc5 Kc7 27. Qxa7 Qe7 28. Qa5+ Kb8
29. Qc3 Rf7 30. Rxf7 Qxf7 31. Rd1 Rf8 32. Qc5 Qe8 33. Rd3 Rf1+ 34. Ka2 Qd7 35. Rb3
Rf2 36. a4 Qe8 37. Qd6+ Kc8 38. a5 Qd7 39. Qc5 Qc7 40. Rb6 Rf3 41. a6 bxa6 42. Rxa6
Qb7 43. Rxc6+ Kd8 44. Qd6+ Qd7 45. Qb8+ Ke7 46. Rc7 Rxh3 47. Rxd7+ Kxd7 48. Qb7+
Ke8 49. Qxg7 Rg3 50. Qxg6+ Ke7 51. Qg7+ Ke8 52. g5 Rg2 53. c3 Rg4 54. g6 Rg2 55.
Qf7+ Kd8 56. g7 Rxg7 57. Qxg7 Kc8 58. Ka3 Kb8 59. Kb4 Ka8 60. Kc5 Kb8 61. Kb6 Kc8
62. Qc7#  1-0

[Event "1. OEsterreichische Internet Schach Meisterschaft - Vorrunde 2"]
[Site "Online - Playchess.com"]
[Date ""]
[Round "4"]
[Board "28"]
[White "Brod, Manfred"]
[Black "Kienboeck, Benjamin"]
[Result "1-0"]
[WhiteElo "2211"]
[BlackElo "1922"]
[PlyCount "87"]
[EventDate "2020.04.13"]
[EventRounds "9"]
[EventCountry "AUT"]

1. e4 c5 2. Nf3 d6 3. d4 cxd4 4. Nxd4 Nf6 5. Nc3 a6 6. Be2 e6 7. O-O Be7 8. f4 O-O
9. a4 Nc6 10. Be3 Bd7 11. g4 e5 12. Nf5 Bxf5 13. exf5 exf4 14. Bxf4 d5 15. g5 Ne4
16. Nxd5 Bxg5 17. Nc7 Rc8 18. Qxd8 Rfxd8 19. Bxg5 Nxg5 20. h4 Ne4 21. Bf3 Nf6 22.
Bxc6 bxc6 23. Nxa6 c5 24. b4 cxb4 25. Nxb4 Rc4 26. Rfb1 g6 27. a5 Rxh4 28. fxg6 hxg6
29. a6 Ra8 30. a7 Nd7 31. Nc6 Rc4 32. Rb7 Rxc6 33. Rxd7 Rxc2 34. Rb7 Kg7 35. Ra6
Rcc8 36. Kf2 g5 37. Kf3 Rd8 38. Kg4 Rd5 39. Rb8 Rd8 40. Rxd8 Rxd8 41. a8=Q Rxa8 42.
Rxa8 Kf6 43. Ra5 Ke7 44. Rxg5  1-0

[Event "1. OEsterreichische Internet Schach Meisterschaft - Vorrunde 2"]
[Site "Online - Playchess.com"]
[Date ""]
[Round "4"]
[Board "29"]
[White "Polterauer, Chiara"]
[Black "Borrmann, Laurenz"]
[Result "1-0"]
[WhiteElo "2178"]
[BlackElo "1880"]
[PlyCount "91"]
[EventDate "2020.04.13"]
[EventRounds "9"]
[EventCountry "AUT"]

1. e4 c5 2. Nf3 d6 3. d4 cxd4 4. Nxd4 Nf6 5. Nc3 g6 6. Be2 Bg7 7. Be3 a6 8. O-O O-O
9. a4 b6 10. f4 Nbd7 11. Bf3 Bb7 12. Qd2 e5 13. Nde2 exf4 14. Bxf4 Ne5 15. Rad1 Nxf3+
16. gxf3 Qc8 17. Qxd6 Qh3 18. Bg3 Rac8 19. Nf4 Qh6 20. Qxb6 Ba8 21. Qxa6 g5 22. Nfd5
Nxd5 23. Qxh6 Bxh6 24. exd5 Bg7 25. Rd3 Rc4 26. d6 Bxc3 27. bxc3 Rd8 28. d7 Bc6 29.
Rfd1 Bxa4 30. Rd4 Rxd4 31. Rxd4 Rxd7 32. Rxa4 Rd1+ 33. Kg2 Rd2+ 34. Kh3 Rxc2 35.
Be5 h5 36. Bf6 Kh7 37. Ra5 Kg6 38. Bd4 g4+ 39. fxg4 hxg4+ 40. Kg3 f5 41. Ra6+ Kh5
42. Be3 f4+ 43. Kxf4 Rf2+ 44. Bxf2 g3 45. Kxg3 Kg5 46. Ra5+  1-0

[Event "1. OEsterreichische Internet Schach Meisterschaft - Vorrunde 2"]
[Site "Online - Playchess.com"]
[Date ""]
[Round "4"]
[Board "30"]
[White "Knoll, Martin"]
[Black "Wagner, Leopold Franziskus"]
[Result "0-1"]
[WhiteElo "2018"]
[BlackElo "2168"]
[PlyCount "116"]
[EventDate "2020.04.13"]
[EventRounds "9"]
[EventCountry "AUT"]

1. d4 Nf6 2. Nc3 e6 3. e4 d5 4. e5 Nfd7 5. f4 c5 6. Nf3 a6 7. Ne2 b5 8. c3 Nc6 9.
Be3 Qb6 10. Qd2 g6 11. g4 Na5 12. Ng3 Nc4 13. Bxc4 dxc4 14. d5 exd5 15. f5 Bb7 16.
O-O O-O-O 17. Bg5 Re8 18. Rae1 Bg7 19. fxg6 hxg6 20. Bf4 f6 21. exf6 Bxf6 22. Qc2
Rhf8 23. Ng5 d4 24. Qxg6 Rxe1 25. Rxe1 dxc3 26. Re8+ Rxe8 27. Qxe8+ Qd8 28. Qxd8+
Kxd8 29. bxc3 Bxc3 30. Bd6 Bd4+ 31. Kf1 Nf6 32. Ne6+ Kd7 33. Bxc5 Kxe6 34. Bxd4 Nxg4
35. h4 Ne5 36. Ke2 Bf3+ 37. Kd2 Kd5 38. Ba1 Nd7 39. Nf5 Be4 40. Ne3+ Kc5 41. a3 a5
42. h5 b4 43. axb4+ axb4 44. h6 Kb5 45. Nd1 Nc5 46. Bg7 Ka4 47. Ke3 Bh7 48. Kd4 Kb5
49. Bf8 Ne6+ 50. Ke5 Nxf8 51. Kf6 c3 52. Kg7 c2 53. Kf7 cxd1=Q 54. Kxf8 Qf3+ 55.
Kg7 Qe4 56. Kh8 Bf5 57. Kg7 Qe7+ 58. Kh8 Qh7#  0-1

[Event "1. OEsterreichische Internet Schach Meisterschaft - Vorrunde 2"]
[Site "Online - Playchess.com"]
[Date ""]
[Round "4"]
[Board "31"]
[White "Doskocil, Klaus"]
[Black "Guetz, Wolfgang"]
[Result "0-1"]
[WhiteElo "2157"]
[BlackElo "2078"]
[PlyCount "90"]
[EventDate "2020.04.13"]
[EventRounds "9"]
[EventCountry "AUT"]

1. d4 d5 2. Bf4 Nf6 3. e3 Bf5 4. Bd3 Bxd3 5. Qxd3 e6 6. c3 Bd6 7. Bg3 O-O 8. Nd2
c5 9. Ngf3 Nc6 10. O-O Bxg3 11. hxg3 cxd4 12. exd4 Rc8 13. Rfe1 a6 14. Ne5 b5 15.
Ndf3 Qb6 16. g4 Nxe5 17. Nxe5 h6 18. a3 a5 19. Re3 b4 20. axb4 axb4 21. Kh2 bxc3
22. bxc3 Ne4 23. f3 Rxc3 24. Qe2 Rxe3 25. Qxe3 Ng5 26. f4 Ne4 27. Nd7 Qb2 28. Rc1
Ra8 29. f5 Ra2 30. Rg1 Qd2 31. Qf3 exf5 32. Qxf5 Qxd4 33. Ne5 Nd6 34. Nf3 Nxf5 35.
Nxd4 Nxd4 36. Rd1 Ra4 37. g3 Kf8 38. Rb1 Ra2+ 39. Kh3 Ke7 40. Re1+ Kf6 41. Rf1+ Kg6
42. Rf4 Ne2 43. Rf1 d4 44. Rd1 Ng1+ 45. Kh4 Rh2#  0-1

[Event "1. OEsterreichische Internet Schach Meisterschaft - Vorrunde 2"]
[Site "Online - Playchess.com"]
[Date ""]
[Round "4"]
[Board "32"]
[White "Nolz, Tom"]
[Black "Haas, Michael"]
[Result "0-1"]
[WhiteElo "2157"]
[BlackElo "2141"]
[PlyCount "142"]
[EventDate "2020.04.13"]
[EventRounds "9"]
[EventCountry "AUT"]

1. e4 e6 2. d4 d5 3. Nd2 Nf6 4. e5 Nfd7 5. c3 c5 6. Ngf3 Nc6 7. Bd3 g5 8. h3 h5 9.
Nf1 cxd4 10. cxd4 Qb6 11. Bxg5 Nxd4 12. Be3 Nxf3+ 13. Qxf3 Qxb2 14. Rb1 Qxe5 15.
Bb5 d4 16. Qf4 Qxf4 17. Bxf4 Ke7 18. Bxd7 Kxd7 19. Be5 Rg8 20. Bxd4 b6 21. Rd1 Ke8
22. Ng3 Bb4+ 23. Kf1 Ba6+ 24. Kg1 h4 25. Ne4 Bb7 26. Nf6+ Ke7 27. Nxg8+ Rxg8 28.
Rh2 Bd6 29. g3 hxg3 30. Rg2 Bxg2 31. Kxg2 gxf2+ 32. Kxf2 Bc5 33. Bxc5+ bxc5 34. Rb1
Rd8 35. h4 Rd2+ 36. Ke3 Rxa2 37. Kf4 Rg2 38. h5 Kf6 39. Rb7 Rh2 40. Kg4 Rg2+ 41.
Kh4 Rh2+ 42. Kg4 Rh1 43. Rxa7 c4 44. Rc7 Rc1 45. Kf4 c3 46. Ke3 Rh1 47. Kf4 Rxh5
48. Rxc3 Rh4+ 49. Kg3 Ra4 50. Rf3+ Ke7 51. Rb3 f5 52. Rb8 Kf6 53. Kf3 Ra3+ 54. Kf2
e5 55. Rb5 e4 56. Ke2 Kg5 57. Kf2 Kf4 58. Ke2 Ra2+ 59. Kf1 e3 60. Rc5 Ke4 61. Rc4+
Kf3 62. Rc1 f4 63. Kg1 Rf2 64. Kh1 e2 65. Rc3+ Kg4 66. Rc1 Rf1+ 67. Kh2 Rxc1 68.
Kg2 f3+ 69. Kh2 Rh1+ 70. Kxh1 e1=Q+ 71. Kh2 Qg3+  0-1

[Event "1. OEsterreichische Internet Schach Meisterschaft - Vorrunde 2"]
[Site "Online - Playchess.com"]
[Date ""]
[Round "4"]
[Board "33"]
[White "Heinrici, Simon"]
[Black "Hofstadler, Mario"]
[Result "0-1"]
[WhiteElo "2151"]
[BlackElo "1867"]
[PlyCount "172"]
[EventDate "2020.04.13"]
[EventRounds "9"]
[EventCountry "AUT"]

1. e4 c6 2. d4 d5 3. Nc3 dxe4 4. Nxe4 Nd7 5. Nf3 Ngf6 6. Nxf6+ Nxf6 7. c3 Bg4 8.
Be2 e6 9. Bf4 Be7 10. Qc2 Bh5 11. O-O-O Bg6 12. Bd3 O-O 13. h4 Bxd3 14. Qxd3 Rc8
15. h5 c5 16. h6 g6 17. Be5 cxd4 18. Qxd4 Qxd4 19. Rxd4 Rfd8 20. Rhd1 Rxd4 21. Rxd4
Rd8 22. Rc4 Nd5 23. a4 Bf8 24. Nd4 Bxh6+ 25. Kc2 Bg7 26. Bxg7 Kxg7 27. Nb5 a6 28.
Nc7 Rd7 29. Nxd5 exd5 30. Rd4 Kf6 31. b4 Ke6 32. b5 Rc7 33. Kd3 f5 34. bxa6 bxa6
35. Rb4 Rc6 36. f4 h6 37. Rb8 Kd6 38. Rg8 Kc5 39. Rh8 h5 40. Rb8 Kd6 41. Rb7 Rc7
42. Rb6+ Rc6 43. Rb7 Ke6 44. Rg7 Kf6 45. Rd7 Rc4 46. Rd6+ Kg7 47. Rxa6 Rxf4 48. a5
Ra4 49. Ra8 Kh6 50. a6 Kg5 51. Ke3 Kg4 52. Kf2 g5 53. Rd8 Ra5 54. a7 Rxa7 55. Rxd5
Rc7 56. Rd3 f4 57. Kg1 Kf5 58. Kh2 Rc5 59. Kh3 Ke4 60. Rd4+ Ke3 61. Kh2 g4 62. Rd8
Rxc3 63. Re8+ Kd4 64. Rh8 Rc5 65. Rf8 Ke4 66. Re8+ Re5 67. Rf8 Ke3 68. Rf6 f3 69.
gxf3 gxf3 70. Kg1 h4 71. Rh6 Re4 72. Kf1 Ra4 73. Re6+ Kf4 74. Rf6+ Kg3 75. Rg6+ Rg4
76. Rh6 h3 77. Rh8 h2 78. Rh7 Rh4 79. Rg7+ Kf4 80. Rf7+ Ke5 81. Kf2 h1=Q 82. Re7+
Kf6 83. Re1 Qg2+ 84. Ke3 f2 85. Re2 Re4+ 86. Kd2 Rxe2+  0-1

[Event "1. OEsterreichische Internet Schach Meisterschaft - Vorrunde 2"]
[Site "Online - Playchess.com"]
[Date ""]
[Round "4"]
[Board "34"]
[White "Wischounig, Laurin"]
[Black "Trippold, Denise"]
[Result "0-1"]
[WhiteElo "1878"]
[BlackElo "2150"]
[PlyCount "36"]
[EventDate "2020.04.13"]
[EventRounds "9"]
[EventCountry "AUT"]

1. d4 d5 2. c4 e6 3. Nf3 Nf6 4. g3 Be7 5. Bg2 O-O 6. O-O dxc4 7. Ne5 Nc6 8. Nxc6
bxc6 9. Na3 Rb8 10. Qa4 Nd5 11. Qxc4 Rb6 12. e4 Ba6 13. Qc2 Bxf1 14. Bxf1 Nb4 15.
Qc3 c5 16. dxc5 Rb8 17. Be3 Bf6 18. Qc2 Nxc2  0-1

[Event "1. OEsterreichische Internet Schach Meisterschaft - Vorrunde 2"]
[Site "Online - Playchess.com"]
[Date ""]
[Round "4"]
[Board "35"]
[White "Kondrak, Christoph"]
[Black "Froewis, Annika"]
[Result "0-1"]
[WhiteElo "2033"]
[BlackElo "2136"]
[PlyCount "96"]
[EventDate "2020.04.13"]
[EventRounds "9"]
[EventCountry "AUT"]

1. d4 d5 2. Nf3 Nf6 3. Bf4 c5 4. c3 e6 5. e3 Nc6 6. Be2 cxd4 7. cxd4 Bd6 8. Bg5 h6
9. Bh4 O-O 10. O-O Qe7 11. Nc3 a6 12. Rc1 Bd7 13. Na4 Rad8 14. Nc5 Bxc5 15. dxc5
Bc8 16. a3 e5 17. b4 Bg4 18. h3 Bh5 19. Nxe5 Qxe5 20. Bxf6 Bxe2 21. Bxe5 Bxd1 22.
Bd6 Rxd6 23. cxd6 Ba4 24. Rc5 Bb3 25. b5 axb5 26. Rxb5 Bc4 27. Rxb7 Bxf1 28. Kxf1
Rd8 29. d7 Ne5 30. Rb5 Rxd7 31. e4 Nc4 32. exd5 Nxa3 33. Rc5 Kf8 34. Ke2 Ke7 35.
Kd3 Rb7 36. Ra5 Nb5 37. Kc4 Nd6+ 38. Kc5 Rc7+ 39. Kb6 Rc2 40. Ra7+ Kf6 41. Rd7 Ke5
42. Re7+ Kxd5 43. f4 Rc6+ 44. Ka5 Kc5 45. Re5+ Kd4 46. g4 Nc4+ 47. Kb5 Nxe5 48. fxe5
Re6  0-1

[Event "1. OEsterreichische Internet Schach Meisterschaft - Vorrunde 2"]
[Site "Online - Playchess.com"]
[Date ""]
[Round "4"]
[Board "36"]
[White "Maierhofer, Johann"]
[Black "Birklbauer, Toni"]
[Result "1/2-1/2"]
[WhiteElo "2087"]
[BlackElo "2047"]
[PlyCount "62"]
[EventDate "2020.04.13"]
[EventRounds "9"]
[EventCountry "AUT"]

1. e4 c5 2. c4 Nc6 3. Nc3 e6 4. g3 a6 5. Bg2 h5 6. h3 h4 7. g4 d6 8. f4 e5 9. d3
Nd4 10. Nge2 Be7 11. Nd5 Nf6 12. Nxd4 cxd4 13. Nxe7 Qxe7 14. fxe5 dxe5 15. Bg5 Qb4+
16. Qd2 Qxd2+ 17. Kxd2 Nd7 18. Ke2 f6 19. Bd2 Nc5 20. b4 Ne6 21. Bf3 g5 22. Rhc1
Bd7 23. a4 Rc8 24. a5 Kf7 25. Bg2 Rc7 26. Bf1 Rhc8 27. Kd1 Ke8 28. Ra2 Ke7 29. Raa1
Ke8 30. Ra2 Ke7 31. Raa1 Ke8  1/2-1/2

[Event "1. OEsterreichische Internet Schach Meisterschaft - Vorrunde 2"]
[Site "Online - Playchess.com"]
[Date ""]
[Round "4"]
[Board "37"]
[White "Kapferer, Romed"]
[Black "Goelles, Herbert"]
[Result "1/2-1/2"]
[WhiteElo "2081"]
[BlackElo "1705"]
[PlyCount "142"]
[EventDate "2020.04.13"]
[EventRounds "9"]
[EventCountry "AUT"]

1. e4 d6 2. d4 g6 3. Nc3 Bg7 4. f4 f6 5. Nf3 Nh6 6. h3 O-O 7. Be3 Nf7 8. Qd2 e5 9.
fxe5 fxe5 10. d5 Nd7 11. O-O-O Nf6 12. g4 Bd7 13. Be2 a5 14. Ng5 b5 15. Nxf7 Rxf7
16. Rdg1 b4 17. Nd1 Nxe4 18. Qd3 Nc5 19. Qd2 Qe8 20. h4 Bb5 21. h5 Ne4 22. Qe1 Bxe2
23. Qxe2 Ng3 24. Rxg3 Qa4 25. Kb1 e4 26. hxg6 hxg6 27. Qd2 Raf8 28. Bd4 Rf1 29. Rgg1
Rxg1 30. Rxg1 b3 31. cxb3 Qxd4 32. Qxd4 Bxd4 33. Re1 Rf4 34. Ne3 Kf7 35. Nc4 Kf6
36. Nxa5 Ke5 37. Nc6+ Kxd5 38. Nxd4 Kxd4 39. a4 Kc5 40. Ka2 d5 41. Rc1+ Kb6 42. b4
e3 43. a5+ Kb5 44. Rc5+ Ka6 45. Rxd5 Re4 46. Rd1 e2 47. Re1 Kb5 48. Kb3 Re3+ 49.
Kc2 c5 50. bxc5 Kxc5 51. Kd2 Re4 52. Rxe2 Rxg4 53. Re5+ Kc6 54. Kc3 Rf4 55. Re6+
Kb5 56. Rxg6 Kxa5 57. Rg5+ Kb6 58. Kb3 Re4 59. Ka3 Re3+ 60. b3 Re4 61. b4 Rf4 62.
Ka4 Re4 63. Rg6+ Kb7 64. Ka5 Re1 65. Rg7+ Kb8 66. Kb6 Kc8 67. b5 Rb1 68. Rg8+ Kd7
69. Rg7+ Kc8 70. Kc6 Rc1+ 71. Kb6 Rb1  1/2-1/2

[Event "1. OEsterreichische Internet Schach Meisterschaft - Vorrunde 2"]
[Site "Online - Playchess.com"]
[Date ""]
[Round "4"]
[Board "38"]
[White "Nisavic, Uros"]
[Black "Wiedermann, Daniel"]
[Result "0-1"]
[WhiteElo "2073"]
[BlackElo "2048"]
[PlyCount "99"]
[EventDate "2020.04.13"]
[EventRounds "9"]
[EventCountry "AUT"]

1. d4 Nf6 2. c4 g6 3. Nc3 Bg7 4. e4 O-O 5. Nf3 d6 6. Be2 e5 7. O-O Nh5 8. d5 Nf4
9. Be3 Nxe2+ 10. Qxe2 Nd7 11. Ne1 f5 12. f3 f4 13. Bf2 h5 14. Nd3 g5 15. Rac1 Nf6
16. c5 Rf7 17. cxd6 cxd6 18. Nb5 g4 19. Kh1 Bf8 20. Nxa7 Bd7 21. Nb4 Rg7 22. Nb5
g3 23. Bg1 h4 24. Nxd6 Bxd6 25. Nd3 h3 26. hxg3 Rxg3 27. gxh3 Bxh3 28. Rf2 Nh5 29.
Bh2 Qh4 30. Rg1 Rxa2 31. Nc1 Rxg1+ 32. Kxg1 Ra1 33. Qc2 Ng3 34. Bxg3 Qxg3+ 35. Kh1
Rxc1+ 36. Qxc1 Qxf2 37. Qg1+ Qxg1+ 38. Kxg1 Bd7 39. Kf2 Kf7 40. Ke2 Ke7 41. Kd3 Bc5
42. Kc4 Bd4 43. b4 Kd6 44. b5 b6 45. Kb4 Bc5+ 46. Kc4 Bh3 47. Kc3 Bg2 48. Kd2 Bxf3
49. Kd3 Bg2 50. Kd2  0-1

[Event "1. OEsterreichische Internet Schach Meisterschaft - Vorrunde 2"]
[Site "Online - Playchess.com"]
[Date ""]
[Round "4"]
[Board "39"]
[White "Prinz, Hubert"]
[Black "Ehs, Dominik"]
[Result "1-0"]
[WhiteElo "1956"]
[BlackElo "2070"]
[PlyCount "125"]
[EventDate "2020.04.13"]
[EventRounds "9"]
[EventCountry "AUT"]

1. d4 Nf6 2. Nf3 g6 3. e3 Bg7 4. Bd3 d6 5. O-O O-O 6. Nbd2 c5 7. c3 b6 8. e4 Bb7
9. d5 a6 10. c4 Re8 11. Rb1 e6 12. Re1 exd5 13. exd5 Nbd7 14. b3 Ng4 15. h3 Nge5
16. Nxe5 Nxe5 17. Be2 f5 18. Nf3 Nf7 19. Bb2 Bxb2 20. Rxb2 Qf6 21. Rb1 Re7 22. Qd2
Rae8 23. Bf1 Ne5 24. Ng5 Bc8 25. f4 Nf7 26. Nxf7 Kxf7 27. g3 Bd7 28. Kf2 b5 29. Rxe7+
Rxe7 30. Re1 Rxe1 31. Kxe1 bxc4 32. Bxc4 Qa1+ 33. Kf2 Qh1 34. Bf1 Qe4 35. Bg2 Qb1
36. Bf1 Bb5 37. Bxb5 axb5 38. Qe2 Qa1 39. Qe6+ Kg7 40. Qe7+ Kh6 41. Qf8+ Kh5 42.
g4+ fxg4 43. hxg4+ Kxg4 44. Qxd6 Qxa2+ 45. Ke1 Qa1+ 46. Kd2 Qd4+ 47. Ke2 c4 48. Qe6+
Kxf4 49. d6 Qd3+ 50. Ke1 c3 51. d7 c2 52. Qf6+ Ke3 53. Qe5+ Qe4 54. Qxe4+ Kxe4 55.
Kd2 h5 56. d8=Q c1=Q+ 57. Kxc1 Kf4 58. Qf6+ Kg4 59. Qxg6+ Kh4 60. Kd2 b4 61. Ke3
Kh3 62. Kf2 h4 63. Qg2#  1-0

[Event "1. OEsterreichische Internet Schach Meisterschaft - Vorrunde 2"]
[Site "Online - Playchess.com"]
[Date ""]
[Round "4"]
[Board "40"]
[White "Teuschler, Hugo"]
[Black "Ressmann, Walter"]
[Result "1-0"]
[WhiteElo "2055"]
[BlackElo "1868"]
[PlyCount "75"]
[EventDate "2020.04.13"]
[EventRounds "9"]
[EventCountry "AUT"]

1. e4 e6 2. d4 d5 3. Nd2 dxe4 4. Nxe4 Be7 5. Nf3 Nf6 6. Bd3 Nbd7 7. Nxf6+ Nxf6 8.
Bd2 b6 9. Qe2 Bb7 10. O-O-O O-O 11. Rhg1 a5 12. Kb1 a4 13. a3 Qd5 14. c4 Qh5 15.
h3 Bxf3 16. gxf3 c5 17. d5 Rfe8 18. Bc3 exd5 19. Qf1 d4 20. Bd2 Bd6 21. Rg5 Qh4 22.
Qg2 g6 23. Rf5 Nd7 24. Bg5 Qh5 25. Be7 Qxf5 26. Bxf5 Rxe7 27. Bxd7 Rxd7 28. f4 Re7
29. Qxa8+ Kg7 30. Qd5 Bxf4 31. Qc6 Re6 32. Qxa4 Re2 33. f3 Be3 34. Qc6 Rf2 35. Qxb6
Rxf3 36. Qxc5 d3 37. Qe5+ Kg8 38. Rxd3  1-0

[Event "1. OEsterreichische Internet Schach Meisterschaft - Vorrunde 2"]
[Site "Online - Playchess.com"]
[Date ""]
[Round "4"]
[Board "41"]
[White "Lerch, Johannes"]
[Black "Riemelmoser, Stefan"]
[Result "0-1"]
[WhiteElo "2005"]
[BlackElo "2046"]
[PlyCount "82"]
[EventDate "2020.04.13"]
[EventRounds "9"]
[EventCountry "AUT"]

1. e4 e6 2. d4 d5 3. Nd2 Nf6 4. e5 Nfd7 5. Bd3 c5 6. c3 Nc6 7. Ne2 Qb6 8. Nf3 cxd4
9. cxd4 f6 10. exf6 Nxf6 11. O-O Bd6 12. h3 O-O 13. a3 e5 14. dxe5 Nxe5 15. Nxe5
Bxe5 16. Rb1 Kh8 17. b4 Ne4 18. Be3 Qg6 19. Ng3 Bxg3 20. fxg3 Bxh3 21. Bxe4 Qxe4
22. gxh3 Qxe3+ 23. Kh2 Rf2+ 24. Rxf2 Qxf2+ 25. Kh1 Qxg3 26. Qxd5 Qxh3+ 27. Kg1 Qg3+
28. Kh1 Qh4+ 29. Kg1 Qg4+ 30. Kh1 Rf8 31. Qxb7 Qh5+ 32. Kg1 Qg6+ 33. Kh2 Qxb1 34.
Qxa7 Qc2+ 35. Kg3 Qd3+ 36. Kg2 Qe2+ 37. Kg3 Qf3+ 38. Kh2 Qf2+ 39. Kh3 Rf3+ 40. Kg4
Rg3+ 41. Kh4 Qh2#  0-1

[Event "1. OEsterreichische Internet Schach Meisterschaft - Vorrunde 2"]
[Site "Online - Playchess.com"]
[Date ""]
[Round "4"]
[Board "42"]
[White "Werdecker, Roland"]
[Black "Meglitsch, Konstantin"]
[Result "0-1"]
[WhiteElo "1960"]
[BlackElo "2041"]
[PlyCount "122"]
[EventDate "2020.04.13"]
[EventRounds "9"]
[EventCountry "AUT"]

1. d4 Nf6 2. Nf3 g6 3. g3 Bg7 4. Bg2 O-O 5. O-O d5 6. Nbd2 c5 7. dxc5 Nc6 8. c4 Bg4
9. Qb3 Qd7 10. cxd5 Nxd5 11. Rd1 Ndb4 12. a3 Na6 13. Ne4 Qc8 14. Be3 Bf5 15. Nh4
Be6 16. Qc2 Nc7 17. Ng5 Bf5 18. Nxf5 gxf5 19. Rac1 h6 20. Nf3 e6 21. b4 a5 22. Qc4
axb4 23. axb4 Ra4 24. Bd2 Nd5 25. Qb3 Qa8 26. b5 Ra3 27. Qb1 Nce7 28. Rc4 Ng6 29.
Kh1 Qb8 30. Nd4 f4 31. Nxe6 fxe6 32. Qxg6 Rf6 33. Qh5 Qf8 34. Bxd5 exd5 35. Qxd5+
Kh8 36. c6 bxc6 37. bxc6 fxg3 38. hxg3 Rxf2 39. Rg1 Ra8 40. c7 Rc8 41. Bb4 Qe8 42.
Bd6 Rxe2 43. Rh4 Re6 44. Rg2 Qd7 45. Rgh2 Qxd6 46. Qxd6 Rxd6 47. Rc4 Rd7 48. Rhc2
Be5 49. Kg2 Rcxc7 50. Rxc7 Rxc7 51. Re2 Bf6 52. Re6 Kg7 53. Kh3 Kg6 54. Ra6 Rc3 55.
Kg4 Rc4+ 56. Kf3 h5 57. Rb6 Kf5 58. Rb5+ Be5 59. Kg2 Rc3 60. Ra5 Rxg3+ 61. Kh2 Ra3+
 0-1